Discos de Kendrick Lamar por foto - Estadísticas

Estadísticas generales
  • Esta prueba ha sido intentada 62 veces
    60 desde el último reinicio
  • La puntuación promedio es 6 de 7
Estadísticas de respuestas
Imagen Respuesta % Correcto
DAMN.
94%
Mr. Morale and the Big Steppers
94%
To Pimp a Butterfly
94%
GNX
88%
good kid, m.A.A.d city
81%
Section.80
62%
untitled unmastered.
58%
No se encontraron pruebas coincidentes
Distribución de puntuación
Porcentaje de gente con cada puntuación
Porcentaje por número respondido
Historial de tus puntuaciones
No has intentado esta prueba desde el último reinicio